الإحصائيات لـ فرق الدوري الجزائري 2023/2024

أنقر هنا لكي تخضع للإختبار!

الإحصائيات العامة

  • هذا الإختبار تم الخضوع له 102 مره
  • الدرجة المتوسطة هي 9 من 16

إحصائيات الإجابة

عدد الألقابالنوادي% صحيح
7مولودية الجزائر
94%
4مولودية وهران
90%
14شبيبة القبائل
88%
10شباب بلوزداد
88%
8اتحاد العاصمة
85%
8وفاق سطيف
80%
2شباب قسنطينة
69%
0أتلتيك بارادو
49%
0شبيبة الساورة
41%
0نجم مقرة
36%
0نجم بن عكنون
36%
1أولمبي الشلف
35%
0إتحاد خنشلة
35%
0مولودية البيض
33%
0إتحاد بسكرة
32%
0إتحاد سوف
32%

توزيع النقاط

النسبة وفقا للأرقام

نسبة الأشخاص لكل درجة

سجل النقاط الخاصة بك

لم تضخع لهذا الإختبار